000 00852cam a22002897a 4500
999 _c8647
_d8647
001 11866570
003 GZU
005 20210521114937.0
008 990914s1999 rh 000 0 eng
010 _a 99892398
020 _a0869227408
020 _z089227408
035 _a(DLC) 99892398
040 _aDLC
_cDLC
042 _alcode
050 0 0 _aPR9390.9 MUF 1999
100 1 _aMufuka, K. Nyamayaro.
245 1 0 _aMatters of conscience /
_cKen Mufuka.
260 _aGweru, Zimbabwe :
_bMambo Press,
_c1999.
300 _avi, 176 p. ;
_c21 cm.
500 _a"A damning satire on Zimbabwe's politics of greed"--Cover.
651 0 _aZimbabwe
_vFiction.
655 7 _aPolitical fiction.
_2lcsh
906 _a7
_bcbc
_corigode
_d3
_encip
_f19
_gy-gencatlg
942 _2lcc
_cBK
_h9390.9
_iMUF
_kPL
_m1999